000 00638nam a2200205Ia 4500
003 GCL
008 140319s9999 xx 000 0 eng d
040 _aGCL /
_cGCL
082 0 4 _a843.09
_bF H
100 1 _aFROLICH, JULIELTTE
245 1 0 _aDES HOMMES, DES FEMMES ET DES CHOSES: LANGUAGES DE L'OBJECT DANS LE ROMAN DE BRDZAC A' POURT /
_cFROLICH, JULIELTTE
260 _a[S.N] :
_bPRESSES UNIVERSITAIRES DE FRANCE ،
_c1997
300 _a166 P
650 0 4 _aLITERATURE
650 0 4 _aFRENCH FICTION
650 0 4 _aFRENCH LITERATURE
650 0 4 _aFRENCH FICTION - CRITICISM
650 0 4 _aFRENCH FICTION - HISTORY
942 _2ddc
_cBK
999 _c16443
_d16443